5 monuments 1 ville #2 - Statistiques

Statistiques générales
  • Ce quiz a été pris 284 fois
  • Le résultat moyen est 8 sur 10
Statistiques - réponses
Monuments Ville % Correct
Colisée - Fontaine de Trevi - Piazza Navona - Thermes de Trajan - Villa Borghese Rome
100%
Parthénon - Acropole - Olympion - Théâtre de Dionysos - Agora Athènes
96%
Hollywood - Observatoire Griffith - Universal Studios Hollywood - Walk of Fame - Memorial Sports Arena Los Angeles
94%
La Tour de … - … Skytree - Sanctuaire Asakusa - Meiji-jingū - Kōkyo Tokyo
87%
Basilique Notre-Dame de la Garde - Parc Borély - Vieux port - Château d'If - Mucem Marseille
84%
Atomium - Bois de la Cambre - Parlamentarium - Musée de la BD - Manneken-Pis Bruxelles
82%
Tour de Belem - Padrão dos Descobrimentos - Château Saint-Georges - Ascenseur de Santa Justa - Pont du 25 avril Lisbonne
78%
Sainte-Sophie - Mosquée bleue - Grand bazar - Palais de Topkapı - Palais de Dolmabahçe Istanbul
75%
Opéra de … - Harbour Bridge - Anzac Memorial - Queen Victoria Building - Cathédrale Sainte-Marie Sydney
74%
Cathédrale Santa Maria del Fiore - Ponte Vecchio - Palazzo Vecchio - Piazza della Signoria - Piazzale Michelangelo Florence
68%
Aucun quiz correspondant
Distribution des résultats
% des personnes avec chaque résultat
Percentile par nombre de réponses
Votre historique - résultats
Vous n’avez pas pris ce quiz